[Event "Internet Section 06B g/8'+2\""]
[Site "Dos Hermanas"]
[Date "2004.03.06"]
[Round "2"]
[White "Araixa Neto, Fernando"]
[Black "Ostrowski, Leszek"]
[Result "0-1"]
[WhiteElo "2018"]
[BlackElo "2354"]
[PlyCount "70"]
[EventDate "2004.03.06"]
[EventType "swiss (blitz)"]
[EventRounds "9"]
[EventCountry "ESP"]
[SourceTitle "CBM 099 Extra"]
[Source "ChessBase"]
[SourceDate "2004.05.04"]
[SourceVersion "1"]
[SourceVersionDate "2004.05.04"]
[SourceQuality "1"]

1. d4 Nf6 2. Nf3 e6 3. Bg5 b6 4. Nbd2 Bb7 5. e3 Be7 6. Bd3 c5 7. c3 Nc6 8. Qe2 0-0 9. h4 cxd4 10. exd4 h6 11. 0-0-0 Nd5 12. Be3 f5 13. g3 a6 14. Ne5 Nxe5 15. dxe5 b5 16. Bd4 Qc7 17. Rhg1 Bc5 18. Bxc5 Qxc5 19. Kb1 b4 20. c4 Ne7 21. Nb3 Qc7 22. g4 f4 23. g5 f3 24. Qe3 h5 25. Nd4 Rac8 26. Rc1 Qc5 27. Bc2 Nc6 28. Qe4 Nxd4 29. Qh7+ Kf7 30. Bg6+ Ke7 31. Qxg7+ Kd8 32. Rgd1 Kc7 33. Bf7 Be4+ 34. Ka1 Nb3+ 35. axb3 Qa5# 0-1

[Event "Internet Section 06B g/8'+2\""]
[Site "Dos Hermanas"]
[Date "2004.03.06"]
[Round "7"]
[White "Araixa Neto, Fernando"]
[Black "Reeves, Neil"]
[Result "1-0"]
[WhiteElo "2014"]
[BlackElo "1729"]
[PlyCount "47"]
[EventDate "2004.03.06"]
[EventType "swiss (blitz)"]
[EventRounds "9"]
[EventCountry "ESP"]
[SourceTitle "CBM 099 Extra"]
[Source "ChessBase"]
[SourceDate "2004.05.04"]
[SourceVersion "1"]
[SourceVersionDate "2004.05.04"]
[SourceQuality "1"]

1. d4 Nf6 2. Nf3 d5 3. Bg5 Nbd7 4. Nbd2 g6 5. e3 Bg7 6. Bd3 0-0 7. Qe2 b6 8. c3 Bb7 9. 0-0 c5 10. Ne5 Nxe5 11. dxe5 Ne8 12. f4 Nc7 13. Nf3 Ne6 14. Bh4 f6 15. exf6 exf6 16. f5 Ng5 17. fxg6 hxg6 18. Bxg6 Qd6 19. Bg3 Qe6 20. Nxg5 fxg5 21. Qh5 Qxe3+ 22. Kh1 Rxf1+ 23. Rxf1 Bf6 24. Qh7+ 1-0

[Event "Internet Section 06B g/8'+2\""]
[Site "Dos Hermanas"]
[Date "2004.03.06"]
[Round "4"]
[White "Zapolskis, Antanas J"]
[Black "Araixa Neto, Fernando"]
[Result "1-0"]
[WhiteElo "2375"]
[BlackElo "2015"]
[PlyCount "55"]
[EventDate "2004.03.06"]
[EventType "swiss (blitz)"]
[EventRounds "9"]
[EventCountry "ESP"]
[SourceTitle "CBM 099 Extra"]
[Source "ChessBase"]
[SourceDate "2004.05.04"]
[SourceVersion "1"]
[SourceVersionDate "2004.05.04"]
[SourceQuality "1"]

1. e4 c5 2. Nf3 Nc6 3. Bb5 a6 4. Bxc6 bxc6 5. 0-0 d6 6. h3 Nf6 7. d3 e5 8. Nc3 Be7 9. a4 0-0 10. Re1 Be6 11. b3 Qc7 12. a5 d5 13. exd5 cxd5 14. Nxe5 d4 15. Na4 Bd6 16. Nc4 Bh2+ 17. Kh1 Bf4 18. Nxc5 Bxc1 19. Nxe6 fxe6 20. Qxc1 Nd5 21. Qd2 Rf6 22. Re4 Raf8 23. Kg1 Nf4 24. Ne5 Rf5 25. Rae1 Rg5 26. Rxf4 Rxe5 27. Rxf8+ Kxf8 28. Qf4+ 1-0